[Event "Pontevedra op-B 10th"]
[Site "Pontevedra"]
[Date "2022.07.29"]
[Round "8.14"]
[White "Lloveras Hernanz, Jose Antonio"]
[Black "Alonso Lopez, Daniel"]
[Result "1-0"]
[WhiteElo "1513"]
[BlackElo "1332"]
[PlyCount "99"]
[EventDate "2022.07.24"]
[EventType "swiss"]
[EventRounds "9"]
[EventCountry "ESP"]
[SourceTitle "EXT 2023"]
[Source "ChessBase"]
[SourceDate "2022.10.05"]
[SourceVersion "1"]
[SourceVersionDate "2022.10.05"]
[SourceQuality "1"]

1. d4 d5 2. c4 e6 3. Nc3 Nf6 4. Bg5 Be7 5. e3 0-0 6. Nf3 h6 7. Bh4 Ne4 8. Bxe7 Qxe7 9. Bd3 Nxc3 10. bxc3 dxc4 11. Bxc4 b6 12. 0-0 Bb7 13. a4 a5 14. Bd3 Nd7 15. Bb1 Nf6 16. Nd2 Rad8 17. Qc2 e5 18. Ba2 Rfe8 19. Rfe1 exd4 20. cxd4 Qd6 21. h3 c5 22. Nc4 Qc6 23. f3 cxd4 24. exd4 Rc8 25. Rxe8+ Qxe8 26. Qf2 Qd8 27. Rb1 Bd5 28. Nxb6 Bxa2 29. Qxa2 Qxd4+ 30. Qf2 Qxf2+ 31. Kxf2 Rb8 32. Rb2 Nd5 33. Nc4 Rb4 34. Rxb4 axb4 35. a5 Nc7 36. Ke2 Kf8 37. Kd3 Ke7 38. Ne5 Ke6 39. Nc6 Kd5 40. Nxb4+ Kc5 41. Nc2 Ne6 42. Ke3 Kb5 43. Nd4+ Nxd4 44. Kxd4 Kxa5 45. Kd5 Kb4 46. Kd6 f5 47. Ke5 f4 48. Kxf4 g6 49. Ke5 Kc4 50. Kf6 1-0

[Event "Pontevedra op-B 10th"]
[Site "Pontevedra"]
[Date "2022.07.24"]
[Round "1.5"]
[White "Alonso Lopez, Daniel"]
[Black "Pousada Garcia, Victor Daniel"]
[Result "0-1"]
[WhiteElo "1332"]
[BlackElo "1932"]
[PlyCount "56"]
[EventDate "2022.07.24"]
[EventType "swiss"]
[EventRounds "9"]
[EventCountry "ESP"]
[SourceTitle "EXT 2023"]
[Source "ChessBase"]
[SourceDate "2022.10.05"]
[SourceVersion "1"]
[SourceVersionDate "2022.10.05"]
[SourceQuality "1"]

1. e4 c5 2. c3 d5 3. exd5 Qxd5 4. d4 cxd4 5. cxd4 Nc6 6. Nf3 e5 7. Nc3 Bb4 8. Bd2 Bxc3 9. Bxc3 e4 10. Qe2 Bg4 11. h3 Bh5 12. Qe3 Nge7 13. Ne5 Nf5 14. Qd2 Ncxd4 15. g4 Qxe5 16. 0-0-0 0-0 17. gxh5 Rfd8 18. Kb1 Qc5 19. Qg5 Ne6 20. Rxd8+ Rxd8 21. Qg4 Qxf2 22. Bc4 Qf3 23. Rg1 Ne3 24. Qxf3 exf3 25. Bxe6 fxe6 26. Rxg7+ Kf8 27. Rg1 f2 28. Bb4+ Kf7 0-1